[Event "Stone Flower 14th"]
[Site "Nizhnij Tagil"]
[Date "2013.12.02"]
[Round "6"]
[White "Pogromsky, Mikhail"]
[Black "Djachkov, Sergej"]
[Result "1-0"]
[WhiteElo "2411"]
[BlackElo "2358"]
[PlyCount "57"]
[EventDate "2013.11.28"]
[EventType "tourn"]
[EventRounds "9"]
[EventCountry "RUS"]
[EventCategory "1"]
[SourceTitle "EXT 2015"]
[Source "ChessBase"]
[SourceDate "2014.11.20"]
[SourceVersion "1"]
[SourceVersionDate "2014.11.20"]
[SourceQuality "1"]

1. Nf3 Nf6 2. c4 e6 3. g3 d5 4. d4 b6 5. cxd5 exd5 6. Bg2 Be7 7. Qa4+ c6 8. 0-0 0-0 9. Nc3 Bb7 10. Rd1 Re8 11. Ne5 Bd6 12. Nd3 Ne4 13. Nxe4 dxe4 14. Ne5 Bxe5 15. dxe5 Qe7 16. Qxe4 Nd7 17. f4 Nc5 18. Qc2 f6 19. exf6 Qxe2 20. Qxe2 Rxe2 21. Bf3 Rc2 22. b4 Rc3 23. Bg2 Nd3 24. Bd2 Rc2 25. Be4 Ba6 26. Be1 Re8 27. Bxd3 Bxd3 28. Rxd3 Ree2 29. Rf3 1-0

[Event "Nizhnij Tagil Stone Flower A"]
[Site "Nizhnij Tagil"]
[Date "2011.12.16"]
[Round "7"]
[White "Shinkevich, Vitaly"]
[Black "Djachkov, Sergej"]
[Result "1-0"]
[WhiteElo "2493"]
[BlackElo "2382"]
[PlyCount "124"]
[EventDate "2011.12.10"]
[EventType "tourn"]
[EventRounds "9"]
[EventCountry "RUS"]
[SourceTitle "EXT 2022"]
[Source "ChessBase"]
[SourceDate "2021.10.06"]
[SourceVersion "1"]
[SourceVersionDate "2021.10.06"]
[SourceQuality "1"]

1. d4 Nf6 2. Nf3 e6 3. c4 Bb4+ 4. Nbd2 b6 5. g3 Bb7 6. Bg2 c5 7. a3 Bxd2+ 8. Qxd2 d6 9. dxc5 dxc5 10. Qxd8+ Kxd8 11. Bf4 Ke7 12. 0-0-0 Rd8 13. Rxd8 Kxd8 14. Rd1+ Ke8 15. h3 Nbd7 16. g4 h6 17. Bh1 Rd8 18. Bc7 Rc8 19. Bh2 Nf8 20. Ne5 Bxh1 21. Rxh1 N8d7 22. Rd1 Nxe5 23. Bxe5 Rd8 24. Rd3 Ke7 25. Kc2 Ne8 26. b4 f6 27. Bg3 Rxd3 28. exd3 Kd7 29. b5 e5 30. f4 Ke6 31. Kd2 g5 32. fxe5 fxe5 33. Ke3 Nd6 34. Kf3 Kf6 35. a4 Ke6 36. h4 Kf6 37. hxg5+ hxg5 38. Ke3 Ke6 39. Be1 Kf6 40. a5 Ke6 41. a6 Kf6 42. Bf2 Ke6 43. Ke2 Ne8 44. Be3 Kf6 45. Kf3 Nc7 46. Ke4 Ne6 47. Kd5 Nd4 48. Kd6 Ne6 49. Kd5 Nd4 50. Bxd4 exd4 51. Kd6 Kg7 52. Ke6 Kg6 53. Ke5 Kg7 54. Kf5 Kf7 55. Kxg5 Kg7 56. Kf5 Kf7 57. Ke5 Kg6 58. Kd6 Kg5 59. Kc7 Kxg4 60. Kb7 Kf3 61. Kxa7 Ke3 62. Kxb6 Kxd3 1-0

[Event "Nizhnij Tagil Stone Flower A"]
[Site "Nizhnij Tagil"]
[Date "2011.12.12"]
[Round "3"]
[White "Kazakov, Konstantin"]
[Black "Djachkov, Sergej"]
[Result "0-1"]
[WhiteElo "2298"]
[BlackElo "2382"]
[PlyCount "112"]
[EventDate "2011.12.10"]
[EventType "tourn"]
[EventRounds "9"]
[EventCountry "RUS"]
[SourceTitle "EXT 2022"]
[Source "ChessBase"]
[SourceDate "2021.10.06"]
[SourceVersion "1"]
[SourceVersionDate "2021.10.06"]
[SourceQuality "1"]

1. e4 c6 2. d4 d5 3. e5 Bf5 4. Nf3 e6 5. c4 dxc4 6. Bxc4 Nd7 7. 0-0 Nb6 8. Bb3 a5 9. a3 a4 10. Ba2 h6 11. Nc3 Ne7 12. Re1 Ned5 13. Ne4 Be7 14. Bd2 0-0 15. Rc1 Nc7 16. h3 Nb5 17. Bf4 Nd5 18. Bg3 Bg6 19. Nc5 Bxc5 20. dxc5 Ra5 21. Nd2 Na7 22. Ne4 Nc8 23. Qd2 Ra7 24. Nd6 Qa5 25. Qd4 Nce7 26. Bf4 Nf5 27. Qd2 Qxd2 28. Bxd2 Nd4 29. Rc4 Nb3 30. Bc1 Bd3 31. Rg4 Nxc5 32. Bxh6 Bg6 33. Bb1 gxh6 34. Nxf7 Rxf7 35. Rxg6+ Rg7 36. Rxh6 b6 37. g3 Raf7 38. Be4 Rf4 39. Bg2 Rd4 40. Re2 Rh7 41. Rxh7 Kxh7 42. f4 Kg6 43. h4 Rd3 44. Kh2 Ne7 45. Bh3 Nf5 46. Rc2 Nd4 47. Rf2 Ne4 48. Rf1 Nxg3 49. Rf2 Kh5 50. Bxe6 Nxe6 51. f5 Nxf5 52. Rxf5+ Kxh4 53. Rf6 Rd2+ 54. Kg1 Nd4 55. e6 Re2 56. Kf1 Kg5 0-1

[Event "Samara op"]
[Site "Samara"]
[Date "2003.??.??"]
[Round "1"]
[White "Djachkov, Sergej"]
[Black "Gubajdullin, Alexey"]
[Result "1/2-1/2"]
[WhiteElo "2388"]
[BlackElo "2344"]
[PlyCount "80"]
[EventDate "2003.??.??"]
[EventType "swiss"]
[EventRounds "9"]
[EventCountry "RUS"]
[SourceTitle "EXT 2005"]
[Source "ChessBase"]
[SourceDate "2004.11.15"]
[SourceVersion "1"]
[SourceVersionDate "2004.11.15"]
[SourceQuality "1"]

1. d4 Nf6 2. c4 c5 3. d5 b5 4. cxb5 a6 5. bxa6 Bxa6 6. Nc3 d6 7. Nf3 g6 8. g3 Bg7 9. Bg2 0-0 10. 0-0 Nbd7 11. Qc2 Qa5 12. Bd2 Rfb8 13. Rfd1 Ne8 14. b3 c4 15. b4 Rxb4 16. Be1 Rab8 17. Nd4 Rb2 18. Qc1 Bxd4 19. Rxd4 e5 20. dxe6 fxe6 21. Ne4 Qb6 22. Qd1 Rb1 23. Rxb1 Qxb1 24. Nxd6 Qxd1 25. Rxd1 Nxd6 26. Rxd6 Rb1 27. Kf1 Nc5 28. f4 c3 29. Rc6 c2 30. Rxc5 c1Q 31. Rxc1 Rxc1 32. a4 h5 33. Kf2 h4 34. a5 Rc2 35. Bf3 h3 36. Bb4 Kf7 37. Bd6 Ra2 38. Bc7 Bb5 39. g4 Ra3 40. Be4 Ra2 1/2-1/2

[Event "RUS-chT2"]
[Site "Korolev"]
[Date "1999.??.??"]
[Round "2"]
[White "Djachkov, Sergej"]
[Black "Korotylev, Alexey"]
[Result "1-0"]
[WhiteElo "2430"]
[BlackElo "2440"]
[PlyCount "57"]
[EventDate "1999.??.??"]
[EventType "team"]
[EventRounds "5"]
[EventCountry "RUS"]
[SourceTitle "EXT 2001"]
[Source "ChessBase"]
[SourceDate "2000.11.22"]
[SourceVersion "1"]
[SourceVersionDate "2000.11.22"]
[SourceQuality "1"]

1. d4 d5 2. c4 c6 3. Nf3 Nf6 4. Nc3 e6 5. e3 Nbd7 6. Bd3 dxc4 7. Bxc4 b5 8. Bd3 Bb7 9. e4 b4 10. Na4 c5 11. e5 Nd5 12. 0-0 cxd4 13. Re1 g6 14. Bg5 Qa5 15. Nd2 Ba6 16. Nc4 Bxc4 17. Bxc4 Bg7 18. Qxd4 Qxa4 19. Bxd5 exd5 20. Qxd5 Nb6 21. Qd6 Qd7 22. Qxb4 Bf8 23. Qc3 Qe6 24. Bf6 Rg8 25. Rad1 g5 26. Rd6 Qc4 27. Qf3 Rb8 28. Qb7 Qc8 29. Qxa7 1-0

[Event "RUS-Cup"]
[Site "Nizhnij Novgorod"]
[Date "1999.??.??"]
[Round "6"]
[White "Djachkov, Sergej"]
[Black "Neverov, Valeriy"]
[Result "1-0"]
[WhiteElo "2430"]
[BlackElo "2528"]
[PlyCount "79"]
[EventDate "1999.??.??"]
[EventType "swiss"]
[EventRounds "9"]
[EventCountry "RUS"]
[SourceTitle "EXT 2001"]
[Source "ChessBase"]
[SourceDate "2000.11.22"]
[SourceVersion "1"]
[SourceVersionDate "2000.11.22"]
[SourceQuality "1"]

1. d4 Nf6 2. c4 g6 3. Nc3 d5 4. Nf3 Bg7 5. Qb3 dxc4 6. Qxc4 0-0 7. e4 Bg4 8. Be3 Nfd7 9. Rd1 Nb6 10. Qb3 Bxf3 11. gxf3 e6 12. d5 Qf6 13. dxe6 Qxf3 14. exf7+ Kh8 15. Rg1 Nc6 16. h4 Ne5 17. Be2 Qh3 18. h5 Rxf7 19. hxg6 Rf3 20. Bxf3 Nxf3+ 21. Ke2 Qh5 22. Kd3 Nxg1 23. Rxg1 Rd8+ 24. Kc2 hxg6 25. Qf7 Rd6 26. Rg5 Qh1 27. Rxg6 Rxg6 28. Qxg6 Nc4 29. Bd4 Bxd4 30. Qe8+ Kh7 31. Qf7+ Bg7 32. Qxc4 c6 33. Qf7 Qh2 34. Kb3 b6 35. f4 Qd2 36. e5 Qd4 37. e6 Qf6 38. Qxf6 Bxf6 39. Ne4 Bd8 40. f5 1-0

[Event "RUS-ch sf"]
[Site "Krasnodar"]
[Date "1999.??.??"]
[Round "5"]
[White "Djachkov, Sergej"]
[Black "Yagupov, Igor"]
[Result "1/2-1/2"]
[WhiteElo "2430"]
[BlackElo "2450"]
[PlyCount "58"]
[EventDate "1999.??.??"]
[EventType "swiss"]
[EventRounds "9"]
[EventCountry "RUS"]
[SourceTitle "EXT 2002"]
[Source "ChessBase"]
[SourceDate "2001.11.25"]
[SourceVersion "1"]
[SourceVersionDate "2001.11.25"]
[SourceQuality "1"]

1. d4 d5 2. c4 c6 3. Nf3 Nf6 4. Nc3 e6 5. e3 Nbd7 6. Bd3 dxc4 7. Bxc4 b5 8. Bd3 a6 9. e4 c5 10. e5 cxd4 11. Nxb5 axb5 12. exf6 gxf6 13. 0-0 Qb6 14. Re1 Bb7 15. Bf4 Rd8 16. Rc1 Bd6 17. Bxd6 Qxd6 18. Be4 Bxe4 19. Rxe4 Ne5 20. Nxe5 fxe5 21. Qh5 b4 22. Rxe5 Rg8 23. Rce1 Rg6 24. Qxh7 d3 25. Qxg6 fxg6 26. Rxe6+ Qxe6 27. Rxe6+ Kd7 28. Re1 Kc6 29. f3 Ra8 1/2-1/2

[Event "RUS-Cup"]
[Site "Nizhnij Novgorod"]
[Date "1999.??.??"]
[Round "7"]
[White "Guliev, Sarhan"]
[Black "Djachkov, Sergej"]
[Result "1/2-1/2"]
[WhiteElo "2486"]
[BlackElo "2430"]
[PlyCount "91"]
[EventDate "1999.??.??"]
[EventType "swiss"]
[EventRounds "9"]
[EventCountry "RUS"]
[SourceTitle "EXT 2001"]
[Source "ChessBase"]
[SourceDate "2000.11.22"]
[SourceVersion "1"]
[SourceVersionDate "2000.11.22"]
[SourceQuality "1"]

1. d4 Nf6 2. c4 g6 3. Nc3 Bg7 4. g3 0-0 5. Bg2 d6 6. Nf3 c6 7. 0-0 Na6 8. b3 Qa5 9. Bb2 Qh5 10. Re1 e5 11. d5 e4 12. Nd2 Ng4 13. Nf1 cxd5 14. h3 Nf6 15. Nxd5 Nxd5 16. Bxg7 Kxg7 17. cxd5 Qe5 18. f4 exf3 19. exf3 Qf6 20. g4 Kg8 21. Qd2 Bd7 22. Ng3 Qd8 23. Kh1 f5 24. g5 Qb6 25. Re7 Rf7 26. Rae1 Qb4 27. Nf1 Rc8 28. Qb2 Qc3 29. Qf2 Nc5 30. Qh4 Qg7 31. Rxf7 Qxf7 32. Qd4 a5 33. Nd2 b5 34. a3 Re8 35. Rxe8+ Qxe8 36. b4 axb4 37. axb4 Qe1+ 38. Kh2 Na6 39. f4 Nc7 40. Nb3 Ne8 41. Qa7 Qe7 42. Na5 Kf8 43. Qd4 Qg7 44. Qa7 Qe7 45. Bf3 Qg7 46. Bg2 1/2-1/2

[Event "RUS-Cup"]
[Site "Nizhnij Novgorod"]
[Date "1999.??.??"]
[Round "9"]
[White "Iskusnyh, Sergei"]
[Black "Djachkov, Sergej"]
[Result "1/2-1/2"]
[WhiteElo "2486"]
[BlackElo "2430"]
[PlyCount "27"]
[EventDate "1999.??.??"]
[EventType "swiss"]
[EventRounds "9"]
[EventCountry "RUS"]
[SourceTitle "EXT 2001"]
[Source "ChessBase"]
[SourceDate "2000.11.22"]
[SourceVersion "1"]
[SourceVersionDate "2000.11.22"]
[SourceQuality "1"]

1. d4 Nf6 2. Nf3 d6 3. c4 g6 4. Nc3 Bg7 5. e4 0-0 6. Be2 e5 7. 0-0 Nc6 8. d5 Ne7 9. b4 Nh5 10. Re1 f5 11. Ng5 Nf6 12. Bf3 fxe4 13. Ncxe4 Nf5 14. Bb2 1/2-1/2